00477nam a2200193Ia 4500008004100000020001800041050001700059100002300076245002700099245002600126260001500152260001600167260000900183300001600192300003100208300001000239300002600249500000800275170918s9999 xx 000 0 und d a9780439139281 bS795ep 2002  aWrede, Patricia C. aAttack of the clones / cby Patricia C. Wrede. aNew York : bScholastic, c2002 a167 pages : bsome color illustrations ; c19cm. eStar wars episode II. a730